000
00221nam a22000857a 4500
008
160630b xxu||||| |||| 00| 0 eng d
100
_9
1546
_a
Gupta, R.G
245
_a
New Course Composite Mathematics
260
_a
N.D
_b
Arya
_c
2005
999
_c
1278
_d
1278